Winston Churchill and the second front, 1940-1943 (Record no. 368100)

000 -LEADER
fixed length control field 00478cam a22001457a 4500
008 - FIXED-LENGTH DATA ELEMENTS--GENERAL INFORMATION
fixed length control field 180718b1957 xxu||||| |||| 00| 0 eng d
082 ## - DEWEY DECIMAL CLASSIFICATION NUMBER
Classification number D49x73 H535
100 ## - MAIN ENTRY--PERSONAL NAME
Personal name Higgins, Trumbull
245 ## - TITLE STATEMENT
Title Winston Churchill and the second front, 1940-1943
Statement of responsibility, etc. by Trumbull Higgins
260 ## - PUBLICATION, DISTRIBUTION, ETC.
Place of publication, distribution, etc. New York
Name of publisher, distributor, etc. Oxford University Press
Date of publication, distribution, etc. 1957
300 ## - PHYSICAL DESCRIPTION
Extent 281p.
650 ## - SUBJECT ADDED ENTRY--TOPICAL TERM
Topical term or geographic name entry element Strategy
650 ## - SUBJECT ADDED ENTRY--TOPICAL TERM
Topical term or geographic name entry element World War, 1939-1945 --Campaigns
650 ## - SUBJECT ADDED ENTRY--TOPICAL TERM
Topical term or geographic name entry element Churchill, Winston, 1874-1965 --Military leadership
Holdings
Withdrawn status Lost status Damaged status Not for loan Permanent Location Current Location Date acquired Full call number Barcode Date last seen Price effective from Koha item type
        Indian Institute of Public Administration Indian Institute of Public Administration 1994-05-19 D49x73 H535 17926 2018-07-21 2018-07-21 Book

Powered by Koha